书目信息 |
| 题名: |
公共财政与商业银行金融服务
|
|
| 作者: | 胡浩 著 | |
| 分册: | ||
| 出版信息: | 北京 中国金融出版社 2007 |
|
| 页数: | 248页 | |
| 开本: | 24cm | |
| 丛书名: | 商业银行综合经营丛书 | |
| 单 册: | ||
| 中图分类: | F830.4 | |
| 科图分类: | ||
| 主题词: | 商业银行--银行业务 , 商业银行 , 银行业务 | |
| 电子资源: | ||
| ISBN: | 978-7-5049-4350-7 | |
| 000 | 00848oam2 2200265 45 | |
| 005 | 20100303111200.34 | |
| 010 | @a978-7-5049-4350-7@dCNY32.00 | |
| 100 | @a20100121d2007 em y0chiy0110 ea | |
| 101 | 0 | @achi |
| 102 | @aCN@b110000 | |
| 105 | @ay z 000yy | |
| 106 | @ar | |
| 200 | 1 | @a公共财政与商业银行金融服务@AGong Gong Cai Zheng Yu Shang Ye Yin Xing Jin Rong Fu Wu@f胡浩等著@FHu Hao Deng Zhu |
| 210 | @a北京@c中国金融出版社@d2007 | |
| 215 | @a248页@d24cm | |
| 225 | 2 | @a商业银行综合经营丛书 |
| 330 | @a本书对银政合作理论进行了系统研究,对国内外银政合作实践经验进行了全面总结升华。 | |
| 461 | 0 | @12001 @a商业银行综合经营丛书 |
| 606 | 0 | @a商业银行@x银行业务 |
| 606 | 0 | @a商业银行 |
| 606 | 0 | @a银行业务 |
| 690 | @aF830.4@v4 | |
| 701 | 0 | @a胡浩@AHu Hao@4著 |
| 801 | 0 | @aCN@bTANGWEI@c20100303 |
| 905 | @b0585297-301@dF830.4@e143@f5 | |
| 公共财政与商业银行金融服务/胡浩等著.-北京:中国金融出版社,2007 |
| 248页;24cm.-(商业银行综合经营丛书) |
| ISBN 978-7-5049-4350-7:CNY32.00 |
| 本书对银政合作理论进行了系统研究,对国内外银政合作实践经验进行了全面总结升华。 |
| ● |
| 相关链接 |
|
|
|
|
正题名:公共财政与商业银行金融服务
索取号:F830.4/143
 
预约/预借
| 序号 | 登录号 | 条形码 | 馆藏地/架位号 | 状态 | 备注 |
| 1 | 0585297 | 205852978 | 第一样本阅览室/ [索取号:F830.4/143] | 在馆 | |
| 2 | 0585298 | 205852987 | 第一借阅区/ [索取号:F830.4/143] | 在馆 | |
| 3 | 0585299 | 205852996 | 第一借阅区/ [索取号:F830.4/143] | 在馆 | |
| 4 | 0585300 | 205853003 | 第一借阅区/ [索取号:F830.4/143] | 在馆 | |
| 5 | 0585301 | 205853012 | 密集书库-海洋学院/ [索取号:F830.4/143] | 在馆 |